[Event "Tokyo op"]
[Site "Tokyo"]
[Date "2018.10.06"]
[Round "1"]
[White "Tran, Thanh Tu"]
[Black "Yamada, Yukihiro"]
[Result "1-0"]
[WhiteElo "2535"]
[BlackElo "1691"]
[PlyCount "45"]
[EventDate "2018.10.06"]
[EventType "swiss"]
[EventRounds "6"]
[EventCountry "JPN"]
[SourceTitle "CBM 187 Extra"]
[Source "ChessBase"]
[SourceDate "2018.11.04"]
[SourceVersion "1"]
[SourceVersionDate "2018.11.04"]
[SourceQuality "1"]

1. a4 e5 2. g3 d5 3. Bg2 Nf6 4. d3 Bc5 5. Nf3 Qe7 6. c3 a5 7. 0-0 0-0 8. Bg5 Nbd7 9. d4 exd4 10. Nxd4 h6 11. Bf4 c6 12. Nd2 Re8 13. N2b3 Nf8 14. Nxc5 Qxc5 15. Qc2 Ng6 16. Be3 Rxe3 17. fxe3 Ng4 18. e4 Ne3 19. Qb3 Nxf1 20. Rxf1 Be6 21. Qxb7 Rf8 22. Qxc6 Qxc6 23. Nxc6 1-0